Sports Quiz

Random Sports or MLB Quiz

New York, New York Baseball Quiz Stats

 Plays Quiz not verified by Sporcle

Challenge
Share
Tweet
Embed
Score 0/52 Timer 10:00
0 Plays Today
Years Players % Correct
Mets 2014-16; Yankees 2010-13Curtis Granderson
76.4%
Mets 2005-11; Yankees 2014-16Carlos Beltran
68.6%
Mets 1998-2004; Yankees 1987-89, 2005Al Leiter
56.4%
Mets 1987-1992, 2003; Yankees 1995-2000David Cone
56.1%
Mets 2010-14; Yankees 2016Ike Davis
50.9%
Mets 1999-2001; Yankees 2002-03Robin Ventura
50.7%
Mets 2015-16; Yankees 2014Kelly Johnson
47.9%
Mets 2003-04; Yankees 1997-2002, '05Mike Stanton
42.1%
Mets 2014-16; Yankees 2011Bartolo Colon
41.4%
Mets 2014; Yankees 2014-15Chris Young
41.4%
Mets 2000-01, '04; Yankees 2003Todd Zeile
40%
Mets 2009; Yankees 2004-06Gary Sheffield
33.6%
Mets 2006-07; Yankees 1998-2004Orlando Hernandez
32.9%
Mets 1999-2003; Yankees 2003Armando Benitez
29.3%
Mets 2004-05; Yankees 1992-2002Gerald Williams
29.3%
Mets 2004; Yankees 2002-03Karim Garcia
28.6%
Mets 2015; Yankees 2007Tyler Clippard
27.9%
Mets 2004; Yankees 1998-2002Shane Spencer
25.7%
Mets 2005; Yankees 2004, '06-07Miguel Cairo
25%
Mets 2014; Yankees 2006-08Bobby Abreu
22.1%
Mets 2003; Yankees 2004Tony Clark
22.1%
Mets 2006; Yankees 2008-09Xavier Nady
22.1%
Mets 2006-07; Yankees 1998-2000Ricky Ledee
20%
Mets 2003; Yankees 1997, 2005Rey Sanchez
19.3%
Mets 2005; Yankees 2007Doug Mientkiewicz
19.3%
Mets 2003; Yankees 2003-05Jason Anderson
18.6%
Years Players % Correct
Mets 2011; Yankees 2014-15Chris Capuano
18.6%
Mets 2008; Yankees 2004-07Andy Phillips
17.1%
Mets 1994-95, 2006; Yankees 2006Kelly Stinnett
15.7%
Mets 2004; Yankees 2000Wilson Delgado
15%
Mets 2009; Yankees 2009Angel Berroa
12.9%
Mets 2000; Yankees 2003Bubba Trammell
12.9%
Mets 2013; Yankees 2008LaTroy Hawkins
11.4%
Mets 2008; Yankees 2011Gustavo Molina
11.4%
Mets 2014; Yankees 2006-08Kyle Farnsworth
10.7%
Mets 2001; Yankees 2005Matt Lawton
10.7%
Mets 2014-15; Yankees 2011Buddy Carlyle
10%
Mets 2013; Yankees 2012David Aardsma
9.3%
Mets 2005; Yankees 2003-04Felix Heredia
9.3%
Mets 2010-11; Yankees 2012Ryota Igarashi
9.3%
Mets 2001; Yankees 2001Darren Bragg
8.6%
Mets 2007; Yankees 2010Chan Ho Park
6.4%
Mets 2008; Yankees 2011Luis Ayala
5.7%
Mets 2010; Yankees 2011Raul Valdes
3.6%
Mets 2004; Yankees 2006Scott Erickson
2.9%
Mets 2013; Yankees 2005-07Sean Henn
2.9%
Mets 2005-06; Yankees 2010Royce Ring
2.1%
Mets 2009; Yankees 2005Tim Redding
2.1%
Mets 2001; Yankees 2004C.J. Nitkowski
2.1%
Mets 2013; Yankees 2011Aaron Laffey
2.1%
Mets 2008; Yankees 2001-02Brandon Knight
2.1%
Mets 2005; Yankees 2004Juan Padilla
1.4%

You're not logged in!

Compare scores with friends on all Sporcle quizzes.
Join for Free
OR
Log In

You Might Also Like...

Show Comments

Extras

Top Quizzes Today


Score Distribution

Your Account Isn't Verified!

In order to create a playlist on Sporcle, you need to verify the email address you used during registration. Go to your Sporcle Settings to finish the process.

Report this User

Report this user for behavior that violates our Community Guidelines.

Details: